Sociology (Record no. 5607)

MARC details
000 -LEADER
fixed length control field 00344nam a2200157Ia 4500
003 - CONTROL NUMBER IDENTIFIER
control field OSt
008 - FIXED-LENGTH DATA ELEMENTS--GENERAL INFORMATION
fixed length control field 191201s2012 xx 000 0 und d
082 ## - DEWEY DECIMAL CLASSIFICATION NUMBER
Classification number 301
Item number GIS
100 ## - MAIN ENTRY--PERSONAL NAME
Personal name GIDDENS,Anthony
245 #0 - TITLE STATEMENT
Title Sociology
250 ## - EDITION STATEMENT
Edition statement Rep
260 ## - PUBLICATION, DISTRIBUTION, ETC. (IMPRINT)
Place of publication, distribution, etc N. delhi
Name of publisher, distributor, etc Wiley Dreautech India
Date of publication, distribution, etc 2012
300 ## - PHYSICAL DESCRIPTION
Extent 1192
650 ## - SUBJECT ADDED ENTRY--TOPICAL TERM
Topical term or geographic name as entry element BBA
942 ## - ADDED ENTRY ELEMENTS (KOHA)
Source of classification or shelving scheme Dewey Decimal Classification
Koha item type Text Books
Holdings
Withdrawn status Lost status Source of classification or shelving scheme Damaged status Not for loan Collection code Home library Current library Date acquired Source of acquisition Cost, normal purchase price Bill Number Total Checkouts Full call number Acc. no. / Barcode Checked out Date last seen Date last borrowed Bill Date Koha item type Public note
    Dewey Decimal Classification     BBA PIET C-LIBRARY PIET C-LIBRARY 07/05/2013 IBH, New Delhi 995.00 1000 1 301 GIS 21630 21/07/2022 22/01/2022 22/01/2022 06/05/2013 Text Books .
    Dewey Decimal Classification     BBA PIET C-LIBRARY PIET C-LIBRARY 07/05/2013 IBH, New Delhi 995.00 1000   301 GIS 21631   04/12/2019   06/05/2013 Text Books  
    Dewey Decimal Classification     BBA PIET C-LIBRARY PIET C-LIBRARY 07/05/2013 IBH, New Delhi 995.00 1000 1 301 GIS 21632   08/02/2025 13/01/2024 06/05/2013 Text Books  
    Dewey Decimal Classification     BBA PIET C-LIBRARY PIET C-LIBRARY 07/05/2013 IBH, New Delhi 995.00 1000   301 GIS 21633   04/12/2019   06/05/2013 Text Books  

Design & Developed by: PIET Central Library
R70 Miles Stone Pattikalyana Samalkha Panipat 132102
mail ID :- [email protected], Phone No:- 0180-2569700 Ex.216